Statistics for Characters From "Are You Being Served?"

Click here to take the quiz!

General Stats

  • This quiz has been taken 100 times
  • The average score is 10 of 16

Answer Stats

HintAnswer% Correct
Senior ladyBetty Slocombe
95%
Floor walkerStephen Peacock
95%
Junior ladyShirley Brahms
91%
Fabulous fashionistaWilberforce Humphries
83%
Junior pranksterDick Lucas
79%
Junior store ownerYoung Mr. Grace
79%
Senior store ownerOld Mr. Grace
76%
Floor managerCuthbert Rumbold
71%
First senior manErnest Grainger
71%
Second maintenance manBeverley Harman
52%
Second senior manPercival Tebbs
52%
Second junior manBert Spooner
50%
First maintenance manMash
47%
Third senior manHarry Goldberg
34%
Senior man from shoesMr. Grossman
26%
Fifth senior manAbraham Klein
17%

Score Distribution

Percentile by Number Answered

Percent of People with Each Score

Your Score History

You have not taken this quiz